[Event "4. Open Memorial Pedro Lezcano 2011"]
[Site "Gran Canaria ESP"]
[Date "2011.04.24"]
[Round "9.25"]
[White "Morales Hengmith, Chantal"]
[Black "Ramirez Medina, Oscar"]
[Result "0-1"]
[WhiteElo "1675"]
[BlackElo "1931"]
[PlyCount "94"]
[EventDate "2011.04.18"]
[EventType "swiss"]
[EventRounds "9"]
[EventCountry "ESP"]
[Source "lmi"]
[SourceDate "2011.04.18"]

1. e4 c5 2. c3 Nf6 3. d3 Nc6 4. Nf3 d6 5. h3 a6 6. Be2 g6 7. O-O Bg7 8. Nbd2
O-O 9. Qc2 Nh5 10. Re1 Nf4 11. Bf1 e5 12. Nc4 Ne6 13. Ne3 Nf4 14. Nd5 Nxd5 15.
exd5 Ne7 16. c4 Nf5 17. Be3 b5 18. a3 Bb7 19. Rad1 Rc8 20. Qb3 Qd7 21. Qc2 Nd4
22. Bxd4 cxd4 23. Qb1 h6 24. b3 f5 25. Qb2 g5 26. Qe2 Bf6 27. Nh2 Rce8 28. Qh5
Kg7 29. Rd2 Qf7 30. Qf3 Bc8 31. Rc2 h5 32. g4 hxg4 33. hxg4 Qg6 34. Rce2 Bd8
35. Qg3 fxg4 36. Nxg4 Rf4 37. Nh2 Bf5 38. Rd2 bxc4 39. dxc4 Rh8 40. Bg2 Bf6 41.
b4 e4 42. c5 Be5 43. Qb3 Rxh2 44. Qc4 Rg4 45. f3 exf3 46. Rxe5 Rgxg2+ 47. Rxg2
Rxg2+ 0-1